000 00748nam a2200193Ia 4500
001 15047
003 GE_BSU
008 181216s||||||||xx |||||||||||||| ||und||
040 _cGE_BSU
080 _a517.5+530.1
245 _aВопросы теории функции и математической физики
245 _bСборник работ функции и математической физики. Сборник работ,посвященный 70-летию академика И.Н.Векуа
260 _aТбилиси
260 _bМецниереба
260 _c1978
300 _a256стр.26см.
653 _aВопросы теории функции и математической физики
942 _cBK
999 _c48165
_d48165